[Event "LTU-chT 2019"]
[Site "Lithuania"]
[Date "2019.04.27"]
[Round "6.8"]
[White "Vaznonis, Vytautas"]
[Black "Stauskas, Lukas"]
[Result "0-1"]
[WhiteElo "2388"]
[BlackElo "2357"]
[Annotator "NA"]
[PlyCount "90"]
[EventDate "2019.01.26"]
[EventType "team-tourn"]
[EventCountry "LTU"]
[SourceTitle "playchess.com"]
[Source "ChessBase"]
[SourceQuality "1"]
[TimeControl "40/5400+30:1800+30"]

1. d4 {[%emt 0:00:00]} Nf6 {[%emt 0:05:20]} 2. Nf3 {[%emt 0:00:00]} e6 {[%emt 0:00:16]} 3. e3 {[%emt 0:00:08]} b6 {[%emt 0:01:29]} 4. Bd3 {[%emt 0:00:09]} Bb7 {[%emt 0:00:10]} 5. b3 {[%emt 0:00:23]} c5 {[%emt 0:01:37]} 6. Bb2 {[%emt 0:00:49]} cxd4 {[%emt 0:03:03]} 7. exd4 {[%emt 0:00:25]} Be7 {[%emt 0:00:27]} 8. O-O {[%emt 0:00:28]} O-O {[%emt 0:00:26]} 9. c4 {[%emt 0:05:02]} d5 {[%emt 0:01:09]} 10. Ne5 {[%emt 0:08:50]} Nc6 {[%emt 0:04:42]} 11. Nd2 {[%emt 0:25:56]} dxc4 {[%emt 0:03:54]} 12. Nxc6 {[%emt 0:04:26]} Bxc6 {[%emt 0:00:06]} 13. bxc4 {[%emt 0:00:11]} Qd7 {[%emt 0:06:38] E14: Queen's Indian: Classical Variation (4 e3)} 14. Qe2 {[%emt 0:08:07]} Qb7 {[%emt 0:01:40]} (14... Rad8 15. f4 Rfe8 16. Nf3 Bxf3 17. Rxf3 Bf8 18. Qe5 g6 19. Qe2 Qc7 20. Bc2 Qc6 21. Rd1 {1-0 (58) Acosta,P (2409)-Munoz,F (2275) Montevideo 2017}) 15. f4 {[%emt 0:10:51]} Rfe8 {[%emt 0:05:29]} 16. Bc3 $146 {[%emt 0:09:34]} ({Predecessor:} 16. Nf3 Be4 17. Ne5 Bxd3 18. Qxd3 Red8 19. f5 exf5 20. Qxf5 Rac8 21. d5 {1-0 (34) Medic,M (2210)-Kalevic,S (2160) Kladovo 1990}) 16... Rac8 {[%emt 0:04:35]} 17. Rab1 {[%emt 0:04:53]} Qa8 {[%emt 0:01:56]} 18. Ba1 {[%emt 0:01:06]} Bf8 {[%emt 0:03:27]} 19. Rbe1 {[%emt 0:02:30]} g6 {[%emt 0:13:08]} 20. Nf3 {[%emt 0:01:12]} Bxf3 {[%emt 0:00:31]} 21. Rxf3 {[%emt 0:00:18]} Bg7 {[%emt 0:00:15]} 22. Bc2 {[%emt 0:02:39]} Red8 {[%emt 0:02:32]} 23. Rd1 {[%emt 0:01:47]} Qc6 {[%emt 0:04:12]} 24. Bb3 $1 {[%emt 0:00:41]} Qe4 {[%emt 0:01:45]} 25. Qd2 {[%emt 0:03:33]} Ne8 {[%emt 0:07:18]} 26. Rd3 {[%emt 0:06:47]} Nd6 {[%emt 0:03:49]} 27. c5 {[%emt 0:00:14]} bxc5 {[%emt 0:07:01]} 28. dxc5 {[%emt 0:00:20]} Nb7 {[%emt 0:00:03]} 29. Bxg7 {[%emt 0:02:29]} Rxd3 {[%emt 0:00:28]} 30. Qxd3 {[%emt 0:00:05]} Qxd3 {[%emt 0:00:08]} 31. Rxd3 {[%emt 0:00:07]} Nxc5 {[%emt 0:00:11]} 32. Rc3 {[%emt 0:01:25]} Kxg7 {[%emt 0:00:05]} 33. g4 {[%emt 0:00:32]} Kf6 {[%emt 0:04:23]} 34. Kg2 {[%emt 0:00:08]} Ke7 {[%emt 0:04:29]} 35. Kf3 {[%emt 0:00:31]} Kd6 {[%emt 0:00:26]} 36. f5 {[%emt 0:00:23]} Rb8 {[%emt 0:02:00]} 37. fxe6 {[%emt 0:00:40]} fxe6 {[%emt 0:00:15]} 38. Bc2 {[%emt 0:00:42]} e5 {[%emt 0:02:26]} 39. h4 {[%emt 0:00:25]} Rf8+ {[%emt 0:00:54]} 40. Kg3 {[%emt 0:00:07]} e4 {[%emt 0:01:29]} 41. g5 {[%emt 0:07:29]} Kd5 $19 {[%emt 0:02:09]} 42. Bb3+ {[%emt 0:01:06]} Nxb3 {[%emt 0:00:38]} 43. Rxb3 {[%emt 0:00:02]} Rf7 {[%emt 0:01:57]} 44. Rb8 {[%emt 0:04:35]} e3 {[%emt 0:04:35]} 45. a4 {[%emt 0:00:10]} Re7 {[%emt 0:00:58]} 0-1

[Event "LTU-chT 2019"]
[Site "Lithuania"]
[Date "2019.04.27"]
[Round "6.9"]
[White "Narmontas, Tauras"]
[Black "Juksta, Karolis"]
[Result "1-0"]
[WhiteElo "2244"]
[BlackElo "2285"]
[Annotator "NA"]
[PlyCount "107"]
[EventDate "2019.01.26"]
[EventType "team-tourn"]
[EventCountry "LTU"]
[SourceTitle "playchess.com"]
[Source "ChessBase"]
[SourceQuality "1"]
[TimeControl "40/5400+30:1800+30"]

1. b3 {[%emt 0:00:00]} d5 {[%emt 0:00:00]} 2. Bb2 {[%emt 0:00:00]} Bg4 {[%emt 0:00:20]} 3. h3 {[%emt 0:02:17]} Bh5 {[%emt 0:00:46]} 4. g4 {[%emt 0:04:09]} Bg6 {[%emt 0:00:08]} 5. Bg2 {[%emt 0:02:03]} e6 {[%emt 0:06:42]} (5... c6 6. f4 e6 7. Nf3 Nd7 8. e3 h5 9. g5 h4 10. d3 Ne7 11. O-O Nf5 12. Re1 Bc5 {1-0 (49) Batsiashvili,N (2482)-Javakhishvili,L (2475) Telavi 2018}) 6. c4 {[%emt 0:04:51] A01: Nimzowitsch-Larsen Opening} (6. Nf3 $11) 6... Nf6 $146 {[%emt 0:01:31]} ({Predecessor:} 6... c6 7. Nf3 Nd7 8. d3 f6 9. O-O h5 10. cxd5 cxd5 11. e4 hxg4 12. hxg4 {1-0 (57) Bryntze,S (2231)-Aroven,M (2099) Stockholm 2014}) 7. Nc3 {[%emt 0:12:09]} Nc6 {[%emt 0:06:26]} 8. cxd5 {[%emt 0:25:39]} exd5 {[%emt 0:00:45]} 9. Rc1 {[%emt 0:00:07]} h6 {[%emt 0:23:54]} 10. d3 {[%emt 0:02:10]} Be7 {[%emt 0:03:43]} 11. Nf3 {[%emt 0:08:16]} Qd7 {[%emt 0:06:28]} 12. a3 {[%emt 0:03:12]} a6 {[%emt 0:01:56]} 13. Na4 {[%emt 0:02:49]} O-O {[%emt 0:06:06]} 14. Qd2 {[%emt 0:00:25]} Rad8 {[%emt 0:06:34]} 15. O-O {[%emt 0:00:33]} Qe6 {[%emt 0:03:35]} 16. b4 {[%emt 0:01:38]} Nd7 {[%emt 0:02:49]} 17. Rc2 {[%emt 0:05:32]} Bh7 {[%emt 0:07:38]} (17... f5 $15) 18. Rfc1 {[%emt 0:00:35]} f6 {[%emt 0:00:38] [#]} 19. Rxc6 $1 {[%emt 0:02:06]} bxc6 {[%emt 0:00:05]} 20. Nd4 $1 {[%emt 0:00:02] Double Attack} Qf7 {[%emt 0:01:06]} 21. Rxc6 {[%emt 0:00:04]} Bd6 {[%emt 0:05:58]} 22. Nc3 {[%emt 0:00:02]} (22. Rxa6 $16 Nb8 23. Ra7) 22... Nb6 {[%emt 0:03:26]} 23. f4 {[%emt 0:02:02]} Kh8 {[%emt 0:01:28]} 24. f5 {[%emt 0:07:05]} Rfe8 {[%emt 0:00:33]} 25. Kf1 {[%emt 0:03:25]} Bg8 {[%emt 0:01:01]} 26. e3 {[%emt 0:01:51]} Qe7 {[%emt 0:03:19]} 27. Kf2 {[%emt 0:00:01]} Be5 {[%emt 0:02:17]} 28. Nce2 {[%emt 0:00:07]} Rd6 {[%emt 0:00:37]} 29. Rc2 {[%emt 0:01:47]} Qd7 {[%emt 0:01:30]} 30. Qc1 {[%emt 0:02:54]} Rc8 {[%emt 0:00:50]} 31. Ba1 {[%emt 0:01:06]} Na4 {[%emt 0:01:02]} 32. Nf4 {[%emt 0:01:03]} Bf7 {[%emt 0:01:10]} 33. h4 {[%emt 0:02:49]} c6 {[%emt 0:01:19]} 34. Bh3 {[%emt 0:01:13]} Qb7 {[%emt 0:00:47]} 35. g5 {[%emt 0:00:23]} Qb6 {[%emt 0:00:22]} 36. Nfe6 {[%emt 0:00:42]} Bxe6 {[%emt 0:00:22]} 37. fxe6 {[%emt 0:00:19]} Qc7 {[%emt 0:00:31]} 38. gxh6 {[%emt 0:01:22]} gxh6 {[%emt 0:00:14]} 39. Ne2 {[%emt 0:01:35]} Qg7 {[%emt 0:00:53]} 40. d4 {[%emt 0:00:19]} Rf8 {[%emt 0:00:38]} 41. Rxc6 {[%emt 0:30:20]} Rxc6 {[%emt 0:05:58]} 42. Qxc6 {[%emt 0:00:00]} Bb8 {[%emt 0:00:31]} 43. Qxa4 {[%emt 0:00:00]} f5 {[%emt 0:02:29]} 44. Qd7 {[%emt 0:00:00]} Qg6 {[%emt 0:04:11]} 45. Qxd5 {[%emt 0:00:00]} Qh5 {[%emt 0:03:11]} 46. Qf3 {[%emt 0:00:00]} Qxh4+ {[%emt 0:00:23]} 47. Kf1 {[%emt 0:00:00]} Qf6 {[%emt 0:01:08]} 48. Bc3 {[%emt 0:00:00]} Kh7 {[%emt 0:00:52]} 49. d5 {[%emt 0:00:00]} Be5 {[%emt 0:00:07]} 50. Bd4 {[%emt 0:00:00]} Bxd4 {[%emt 0:02:55]} 51. exd4 {[%emt 0:00:00]} Kh8 {[%emt 0:03:21]} 52. Qe3 {[%emt 0:00:00]} f4 $18 {[%emt 0:02:30]} 53. Qe5 {[%emt 0:00:00]} Kg7 {[%emt 0:00:27]} 54. d6 {[%emt 0:00:00]} 1-0

[Event "LTU-chT 2019"]
[Site "Lithuania"]
[Date "2019.04.27"]
[Round "6.10"]
[White "Baliasnyj, Timur"]
[Black "Muningis, Paulius"]
[Result "1-0"]
[WhiteElo "2217"]
[BlackElo "2146"]
[Annotator "NA"]
[PlyCount "74"]
[EventDate "2019.01.26"]
[EventType "team-tourn"]
[EventCountry "LTU"]
[SourceTitle "playchess.com"]
[Source "ChessBase"]
[SourceQuality "1"]
[TimeControl "40/5400+30:1800+30"]

1. c4 {[%emt 0:00:03]} e5 {[%emt 0:08:13]} 2. Nc3 {[%emt 0:01:24]} d6 {[%emt 0:03:42]} 3. g3 {[%emt 0:01:14]} g6 {[%emt 0:03:52]} 4. Bg2 {[%emt 0:00:10]} Bg7 {[%emt 0:01:02]} 5. Nf3 {[%emt 0:00:14]} f5 {[%emt 0:11:12]} 6. d3 {[%emt 0:01:22]} Nf6 {[%emt 0:02:37]} 7. O-O {[%emt 0:01:13]} O-O {[%emt 0:06:09]} 8. Rb1 {[%emt 0:27:38]} Kh8 {[%emt 0:11:11]} 9. b4 {[%emt 0:04:05]} Ng4 {[%emt 0:13:58]} 10. Qc2 {[%emt 0:15:13]} Nc6 {[%emt 0:05:09]} 11. Nd5 {[%emt 0:10:18]} e4 {[%emt 0:04:46]} 12. Ne1 {[%emt 0:19:53]} Nd4 {[%emt 0:04:58]} 13. Qd1 {[%emt 0:00:04]} c6 {[%emt 0:00:47]} 14. Ne3 $15 {[%emt 0:01:19]} (14. Nf4 $11) 14... f4 {[%emt 0:05:27]} 15. N3c2 {[%emt 0:00:44]} fxg3 {[%emt 0:02:13]} 16. hxg3 {[%emt 0:01:36]} Nxc2 {[%emt 0:04:10]} 17. Nxc2 {[%emt 0:03:08]} exd3 {[%emt 0:00:35]} 18. exd3 {[%emt 0:00:35]} Bf5 {[%emt 0:03:20]} 19. Ne3 {[%emt 0:00:37]} Nxe3 {[%emt 0:00:33]} 20. Bxe3 {[%emt 0:00:10]} Qd7 {[%emt 0:00:12]} 21. Qd2 {[%emt 0:04:09]} Rae8 {[%emt 0:01:47]} 22. Rfe1 {[%emt 0:01:01]} a6 {[%emt 0:00:20]} 23. a4 {[%emt 0:01:11]} d5 {[%emt 0:01:12]} 24. cxd5 {[%emt 0:00:49]} cxd5 {[%emt 0:00:17]} 25. Bc5 {[%emt 0:00:19]} Rg8 {[%emt 0:01:52]} 26. a5 {[%emt 0:00:37]} Bf6 {[%emt 0:00:43]} 27. Rbd1 {[%emt 0:00:42]} Kg7 {[%emt 0:00:44]} 28. Rc1 {[%emt 0:01:03]} Rxe1+ {[%emt 0:01:29]} 29. Rxe1 {[%emt 0:00:12]} h5 {[%emt 0:00:32]} 30. Qe3 {[%emt 0:00:45]} d4 {[%emt 0:01:07]} 31. Qf3 {[%emt 0:01:27]} Qb5 {[%emt 0:00:32]} 32. Be7 {[%emt 0:00:55]} Qxd3 {[%emt 0:00:34]} 33. Bxf6+ {[%emt 0:00:41]} Kxf6 {[%emt 0:00:05]} 34. Qxb7 {[%emt 0:00:27]} Rg7 {[%emt 0:01:00]} 35. Qb8 {[%emt 0:00:33]} Rd7 {[%emt 0:00:32]} 36. Qe5+ {[%emt 0:01:05]} Kg5 {[%emt 0:00:37]} 37. Bc6 {[%emt 0:00:43]} Qd2 1-0

[Event "LTU-chT 2019"]
[Site "Lithuania"]
[Date "2019.04.28"]
[Round "7.1"]
[White "Klabis, Rokas"]
[Black "Chocenka, Dmitrijus"]
[Result "0-1"]
[WhiteElo "2320"]
[BlackElo "2287"]
[Annotator "NA"]
[PlyCount "108"]
[EventDate "2019.01.26"]
[EventType "team-tourn"]
[EventCountry "LTU"]
[SourceTitle "playchess.com"]
[Source "ChessBase"]
[SourceQuality "1"]
[TimeControl "40/5400+30:1800+30"]

1. e4 {[%emt 0:00:00]} c5 {[%emt 0:00:00]} 2. Nf3 {[%emt 0:00:00]} d6 {[%emt 0:00:00]} 3. d4 {[%emt 0:00:01]} cxd4 {[%emt 0:00:02]} 4. Nxd4 {[%emt 0:00:04]} Nf6 {[%emt 0:00:07]} 5. Nc3 {[%emt 0:00:03]} a6 {[%emt 0:00:05]} 6. Nb3 {[%emt 0:00:04]} e5 {[%emt 0:03:51]} 7. Bg5 {[%emt 0:00:18]} Be6 {[%emt 0:01:19]} 8. Bxf6 {[%emt 0:04:09]} gxf6 {[%emt 0:02:32]} 9. g3 {[%emt 0:02:41]} Nd7 {[%emt 0:05:42]} 10. h4 {[%emt 0:04:00]} Rc8 {[%emt 0:08:37]} 11. Bh3 {[%emt 0:02:15]} Nc5 {[%emt 0:05:47]} ({Black should try} 11... Nb6 $14) 12. Bxe6 {[%emt 0:05:02]} (12. Qf3 $16) 12... fxe6 {[%emt 0:00:11]} 13. Qh5+ {[%emt 0:00:21]} Kd7 {[%emt 0:00:13]} 14. O-O-O {[%emt 0:01:36]} Nxb3+ {[%emt 0:03:40]} 15. axb3 {[%emt 0:00:04]} Kc7 {[%emt 0:01:50]} 16. f4 $16 {[%emt 0:00:10]} Kb8 {[%emt 0:06:38]} 17. f5 {[%emt 0:03:24]} Qa5 {[%emt 0:05:09]} 18. Kb1 {[%emt 0:10:53]} d5 {[%emt 0:10:45]} 19. fxe6 {[%emt 0:02:32]} Rxc3 {[%emt 0:06:09]} 20. bxc3 {[%emt 0:33:37]} Ba3 {[%emt 0:00:14]} 21. b4 {[%emt 0:00:09]} Bxb4 {[%emt 0:00:50]} 22. Rxd5 {[%emt 0:03:18]} Bc5 {[%emt 0:04:08]} 23. e7 {[%emt 0:02:02]} Qb6+ {[%emt 0:02:39]} 24. Kc1 {[%emt 0:00:28]} Bxe7 {[%emt 0:00:25]} 25. Qf3 {[%emt 0:02:43]} Rc8 {[%emt 0:01:28]} 26. Kd2 {[%emt 0:02:24]} Ba3 {[%emt 0:03:52]} 27. Rf1 {[%emt 0:01:46]} Rc6 {[%emt 0:04:50]} 28. Qf2 {[%emt 0:02:36]} Qb2 {[%emt 0:06:21]} 29. Rd8+ {[%emt 0:01:33]} Kc7 {[%emt 0:00:05]} 30. Rd3 {[%emt 0:00:04]} Bf8 {[%emt 0:05:43]} 31. Qe3 {[%emt 0:03:39]} a5 {[%emt 0:00:30]} 32. g4 {[%emt 0:01:21]} a4 {[%emt 0:01:08]} 33. g5 {[%emt 0:00:12]} a3 {[%emt 0:00:42]} 34. Qh3 {[%emt 0:03:28]} Bd6 {[%emt 0:04:32]} 35. gxf6 {[%emt 0:06:19]} a2 {[%emt 0:03:44]} 36. f7 {[%emt 0:01:53]} a1=Q {[%emt 0:02:27]} 37. f8=Q {[%emt 0:01:37]} Bxf8 {[%emt 0:00:12]} 38. Qd7+ {[%emt 0:00:04]} Kb6 {[%emt 0:00:16]} 39. Qd8+ {[%emt 0:00:07]} Kb5 {[%emt 0:02:09]} 40. c4+ {[%emt 0:01:42]} Rxc4 {[%emt 0:00:26]} 41. Qd5+ {[%emt 0:03:24]} Kb6 {[%emt 0:02:30]} 42. Qd8+ {[%emt 0:04:14]} Rc7 {[%emt 0:02:46]} 43. Qf6+ {[%emt 0:06:14]} Kb5 {[%emt 0:01:12]} 44. Rd5+ {[%emt 0:00:45]} Bc5 {[%emt 0:00:58]} 45. Rxa1 {[%emt 0:00:37]} Qxa1 {[%emt 0:00:05]} 46. Qd8 {[%emt 0:00:35]} Qa5+ {[%emt 0:02:13]} 47. Kd3 {[%emt 0:00:06]} Kb4 {[%emt 0:02:24]} 48. Qg5 {[%emt 0:03:46]} Qa6+ {[%emt 0:02:13]} 49. Kd2 {[%emt 0:00:08]} Bd4 {[%emt 0:00:20]} 50. Qg3 {[%emt 0:01:47]} Rc3 {[%emt 0:05:05]} 51. Qg7 {[%emt 0:01:20]} Rxc2+ {[%emt 0:01:38]} 52. Kxc2 {[%emt 0:00:06]} Qe2+ {[%emt 0:00:03]} 53. Kc1 {[%emt 0:00:09]} Qe1+ {[%emt 0:00:08]} 54. Kc2 {[%emt 0:00:05]} Qxe4+ {[%emt 0:00:05]} 0-1

[Event "LTU-chT 2019"]
[Site "Lithuania"]
[Date "2019.04.28"]
[Round "7.2"]
[White "Mickevicius, Juras"]
[Black "Stauskas, Lukas"]
[Result "1/2-1/2"]
[WhiteElo "2273"]
[BlackElo "2357"]
[Annotator "TA"]
[PlyCount "50"]
[EventDate "2019.01.26"]
[EventType "team-tourn"]
[EventCountry "LTU"]
[SourceTitle "playchess.com"]
[Source "ChessBase"]
[SourceQuality "1"]

{[%evp 9,50,0,22,10,10,10,21,0,-7,-2,0,0,6,9,23,14,16,25,25,14,21,15,17,17,24,14,14,13,16,21,18,21,20,20,18,17,21,19,25,-9,-9,-9,-9]} 1. d4 Nf6 2. c4 e6 3. g3 d5 4. Nf3 Bb4+ 5. Bd2 Bd6 (5... Be7 6. Bg2 O-O 7. O-O Nbd7 8. b4 c6 9. a4 b6 10. cxd5 cxd5 11. Qb3 Ne4 12. Rc1 Nxd2 13. Nbxd2 Bb7 14. Ne1 Rc8 15. Rxc8 Qxc8 {½-½ (34) Maghsoodloo,P (2673)-Karjakin,S (2753) Astana 2019}) 6. Nc3 {E01: Catalan: Early deviations} O-O 7. Bg5 c6 8. e4 $146 ({Predecessor:} 8. Bg2 h6 9. Bxf6 Qxf6 10. e4 dxe4 11. Nxe4 Bb4+ 12. Nc3 {½-½ (51) Buhmann,R (2633)-Georgiadis,N (2473) Germany 2017}) 8... dxe4 {[#]} 9. Nxe4 $1 {[%mdl 512]} Bb4+ (9... Nxe4 10. Bxd8) 10. Nc3 c5 11. Bg2 h6 12. Bxf6 Qxf6 13. O-O Bxc3 14. bxc3 Nc6 15. Qd3 Rd8 {[%cal Rc5d4]} 16. Rfd1 cxd4 {[%mdl 64] [#] Remove Defender} 17. cxd4 Nxd4 18. Nxd4 {Hoping for Qe3.} e5 {[%cal Rd8d4]} 19. Qf3 {And now Nb5 would win.} Rxd4 20. Qxf6 gxf6 21. Rxd4 exd4 $11 {KRB-KRB} 22. Rd1 Rb8 23. Bd5 Be6 24. Bxe6 fxe6 25. Rxd4 Rc8 {Accuracy: White = 67%, Black = 74%.} 1/2-1/2

[Event "LTU-chT 2019"]
[Site "Lithuania"]
[Date "2019.04.28"]
[Round "7.3"]
[White "Narmontas, Tauras"]
[Black "Bucinskas, Valdas"]
[Result "0-1"]
[WhiteElo "2244"]
[BlackElo "2297"]
[Annotator "NA"]
[PlyCount "102"]
[EventDate "2019.01.26"]
[EventType "team-tourn"]
[EventCountry "LTU"]
[SourceTitle "playchess.com"]
[Source "ChessBase"]
[SourceQuality "1"]
[TimeControl "40/5400+30:1800+30"]

1. e4 {[%emt 0:00:00]} c5 {[%emt 0:00:00]} 2. Nf3 {[%emt 0:00:05]} d6 {[%emt 0:00:00]} 3. d4 {[%emt 0:00:45]} cxd4 {[%emt 0:00:05]} 4. Nxd4 {[%emt 0:00:05]} Nf6 {[%emt 0:00:09]} 5. Nc3 {[%emt 0:00:25]} a6 {[%emt 0:00:23]} 6. Nb3 {[%emt 0:01:45]} e5 {[%emt 0:05:13]} 7. Bg5 {[%emt 0:02:19]} Be7 {[%emt 0:01:09]} 8. Qd3 {[%emt 0:06:09]} Be6 {[%emt 0:02:21]} 9. Rd1 {[%emt 0:09:52]} (9. Bxf6 $14 Bxf6 10. O-O-O) 9... Nbd7 {[%emt 0:04:14]} 10. Bxf6 {[%emt 0:00:20]} Nxf6 {[%emt 0:00:06]} 11. Be2 {[%emt 0:00:07]} O-O {[%emt 0:01:07]} 12. O-O {[%emt 0:03:10]} Rc8 {[%emt 0:01:19]} 13. h3 {[%emt 0:09:31]} Qc7 $15 {[%emt 0:01:03]} 14. Rfe1 {[%emt 0:09:17]} Rfd8 {[%emt 0:04:31]} 15. Bf3 {[%emt 0:00:07]} g6 {[%emt 0:12:43]} 16. Nd2 {[%emt 0:04:57]} Bf8 {[%emt 0:10:08]} 17. Nf1 {[%emt 0:03:46]} Bh6 {[%emt 0:04:47]} 18. Ne3 {[%emt 0:00:56]} Bxe3 {[%emt 0:00:55]} 19. Rxe3 {[%emt 0:09:15]} Qb6 {[%emt 0:03:25]} 20. b3 {[%emt 0:00:13]} Rc6 {[%emt 0:01:34]} 21. Be2 {[%emt 0:14:38]} Qc7 {[%emt 0:07:00]} 22. Qd2 {[%emt 0:12:35]} Rc8 {[%emt 0:02:19]} 23. Bc4 {[%emt 0:00:43]} Bxc4 {[%emt 0:09:00]} 24. bxc4 {[%emt 0:00:02]} Rxc4 {[%emt 0:00:14]} 25. Qxd6 {[%emt 0:02:17]} Qxd6 {[%emt 0:01:32]} 26. Rxd6 {[%emt 0:00:03]} Rxc3 {[%emt 0:00:15]} 27. Rxc3 {[%emt 0:00:04]} Rxc3 {[%emt 0:00:06]} 28. Rxf6 {[%emt 0:00:03]} Rxc2 {[%emt 0:00:07]} 29. Rb6 {[%emt 0:00:19]} Rxa2 {[%emt 0:00:06]} 30. Rxb7 {[%emt 0:00:04]} Kg7 {[%emt 0:00:33]} 31. g3 {[%emt 0:00:32]} h5 {[%emt 0:05:55]} 32. h4 {[%emt 0:01:36]} a5 {[%emt 0:00:13]} 33. Kg2 {[%emt 0:00:06]} a4 {[%emt 0:00:04]} 34. Kf3 {[%emt 0:00:30]} a3 {[%emt 0:00:13]} 35. Ra7 {[%emt 0:00:35]} Ra1 {[%emt 0:00:09]} 36. Rb7 {[%emt 0:00:33]} Kf6 {[%emt 0:05:39]} 37. Rb6+ {[%emt 0:00:45]} Ke7 {[%emt 0:00:07]} 38. Rb7+ {[%emt 0:00:03]} Kd6 {[%emt 0:01:31]} 39. Rxf7 {[%emt 0:01:57]} Kc5 {[%emt 0:00:25]} 40. Rf6 {[%emt 0:02:35]} Re1 {[%emt 0:00:22]} 41. Ra6 {[%emt 0:31:08]} Kb4 {[%emt 0:30:06]} 42. Rb6+ {[%emt 0:00:03]} Kc3 {[%emt 0:00:07]} 43. Rc6+ {[%emt 0:00:03]} Kb2 {[%emt 0:01:03]} 44. Rb6+ {[%emt 0:00:05]} Ka1 {[%emt 0:00:05]} 45. Rxg6 {[%emt 0:01:56]} a2 {[%emt 0:00:06]} 46. Rb6 {[%emt 0:00:29]} Rb1 {[%emt 0:00:07]} 47. Ra6 {[%emt 0:00:35]} Rb3+ {[%emt 0:00:04]} 48. Kg2 {[%emt 0:02:47]} Kb2 {[%emt 0:00:08]} 49. Rxa2+ {[%emt 0:00:16]} Kxa2 {[%emt 0:00:05]} 50. f4 {[%emt 0:00:06]} Ka3 {[%emt 0:01:28]} 51. fxe5 {[%emt 0:03:27]} Kb4 0-1

[Event "LTU-chT 2019"]
[Site "Lithuania"]
[Date "2019.04.28"]
[Round "7.4"]
[White "Viskelis, Darius"]
[Black "Muningis, Paulius"]
[Result "1/2-1/2"]
[WhiteElo "2242"]
[BlackElo "2146"]
[Annotator "NA"]
[PlyCount "111"]
[EventDate "2019.01.26"]
[EventType "team-tourn"]
[EventCountry "LTU"]
[SourceTitle "playchess.com"]
[Source "ChessBase"]
[SourceQuality "1"]
[TimeControl "40/5400+30:1800+30"]

1. e4 {[%emt 0:00:00]} c5 {[%emt 0:00:00]} 2. Nf3 {[%emt 0:00:00]} Nc6 {[%emt 0:05:39]} 3. Bb5 {[%emt 0:00:00]} g6 {[%emt 0:12:15]} 4. O-O {[%emt 0:00:28]} Bg7 {[%emt 0:02:31]} 5. Bxc6 {[%emt 0:00:13]} dxc6 {[%emt 0:00:57]} 6. d3 {[%emt 0:00:13]} e5 {[%emt 0:22:19]} 7. Nbd2 {[%emt 0:01:48]} Qc7 $14 {[%emt 0:10:29]} 8. b3 {[%emt 0:01:46]} Ne7 {[%emt 0:00:47]} 9. Bb2 {[%emt 0:00:53]} f6 {[%emt 0:00:31]} 10. a4 {[%emt 0:02:20]} a5 {[%emt 0:06:59]} 11. Nc4 {[%emt 0:01:41]} g5 {[%emt 0:03:24]} 12. h4 {[%emt 0:08:34]} g4 {[%emt 0:07:24]} 13. Nfd2 {[%emt 0:01:27]} Be6 {[%emt 0:02:30]} 14. g3 {[%emt 0:05:53]} h5 {[%emt 0:00:38]} 15. Qe2 {[%emt 0:00:51]} Bh6 {[%emt 0:01:27]} 16. Rfd1 {[%emt 0:03:43]} Rg8 {[%emt 0:01:55]} 17. Ne3 {[%emt 0:03:57]} Ng6 {[%emt 0:01:32]} 18. Nf5 {[%emt 0:00:34]} Bxd2 {[%emt 0:01:20]} 19. Qxd2 {[%emt 0:03:50]} O-O-O {[%emt 0:01:23]} 20. Qh6 {[%emt 0:02:56]} Qf7 {[%emt 0:01:37]} 21. Qxh5 {[%emt 0:01:46]} Kb8 {[%emt 0:01:18]} 22. Qxg4 {[%emt 0:07:54]} Qd7 {[%emt 0:10:15]} 23. Kf1 {[%emt 0:14:29]} Ne7 {[%emt 0:00:58]} 24. Qf3 {[%emt 0:00:23]} Nxf5 {[%emt 0:00:36]} 25. exf5 {[%emt 0:00:06]} Bd5 {[%emt 0:00:26]} 26. Qe3 {[%emt 0:00:17]} Qxf5 {[%emt 0:00:15]} 27. Ke1 {[%emt 0:00:37]} b6 {[%emt 0:01:28]} 28. Kd2 {[%emt 0:05:44]} Rg4 {[%emt 0:00:36]} 29. Kc1 {[%emt 0:01:19]} Kb7 {[%emt 0:00:30]} 30. Bc3 {[%emt 0:00:51]} e4 {[%emt 0:01:26]} 31. d4 {[%emt 0:05:18]} c4 {[%emt 0:00:35]} 32. b4 {[%emt 0:00:09]} axb4 {[%emt 0:00:43]} 33. Bxb4 {[%emt 0:00:10]} Ra8 {[%emt 0:00:43]} 34. a5 {[%emt 0:04:20]} Qd7 {[%emt 0:00:36]} 35. Kb2 {[%emt 0:01:49]} b5 {[%emt 0:00:35]} 36. a6+ {[%emt 0:01:22]} Kc8 {[%emt 0:00:30]} 37. Qh6 {[%emt 0:02:17]} Qf7 {[%emt 0:00:15]} 38. Ra3 {[%emt 0:07:55]} Kd7 {[%emt 0:00:33]} 39. a7 {[%emt 0:00:20]} Kc7 {[%emt 0:00:53]} 40. Rda1 {[%emt 0:00:42]} Be6 {[%emt 0:00:37]} 41. Ra6 {[%emt 0:31:48]} Bc8 {[%emt 0:08:38]} 42. Ba5+ {[%emt 0:00:00]} Kd7 {[%emt 0:00:35]} 43. Rb6 {[%emt 0:00:00]} Rxa7 {[%emt 0:01:11]} 44. d5 {[%emt 0:00:00]} c3+ {[%emt 0:10:24]} 45. Bxc3 {[%emt 0:00:00]} Rxa1 {[%emt 0:00:08]} 46. Kxa1 {[%emt 0:00:00]} Qxd5 {[%emt 0:00:52]} 47. Qh7+ {[%emt 0:00:00]} Kd6 {[%emt 0:03:27]} 48. Rb8 {[%emt 0:00:00]} Rg8 {[%emt 0:07:48]} 49. Bb4+ {[%emt 0:00:00]} Ke5 {[%emt 0:00:45]} 50. Qc7+ {[%emt 0:00:00]} Kf5 {[%emt 0:00:11]} 51. Rxc8 {[%emt 0:00:00]} Qd4+ {[%emt 0:00:16]} 52. Ka2 {[%emt 0:00:00]} Qxb4 {[%emt 0:01:03]} 53. Qf4+ {[%emt 0:00:00]} Ke6 {[%emt 0:00:11]} 54. Rxc6+ Kd5 55. Qf5+ Kxc6 56. Qe6+ {[%emt 0:11:45]} 1/2-1/2